[Event "CHN-chB (Women)"]
[Site "Qinhuangdao"]
[Date "2017.07.16"]
[Round "1"]
[White "Fan, Hengyi"]
[Black "Zhao, Shengxin"]
[Result "0-1"]
[WhiteElo "1379"]
[BlackElo "2042"]
[PlyCount "88"]
[EventDate "2017.07.16"]
[EventType "swiss"]
[EventRounds "11"]
[EventCountry "CHN"]
[SourceTitle "CBM 179 Extra"]
[Source "ChessBase"]
[SourceDate "2017.08.23"]
[SourceVersion "1"]
[SourceVersionDate "2017.08.23"]
[SourceQuality "1"]

1. d4 d5 2. c4 c6 3. Nf3 Nf6 4. e3 e6 5. Bd3 Nbd7 6. 0-0 Bd6 7. Nbd2 e5 8. dxe5 Nxe5 9. Nxe5 Bxe5 10. Nf3 Bc7 11. cxd5 Nxd5 12. Be2 0-0 13. Bd2 Qd6 14. e4 Nf4 15. e5 Nxe2+ 16. Qxe2 Qe7 17. Rfe1 Bg4 18. Qe4 Bxf3 19. Qxf3 Bxe5 20. Bc3 f6 21. Qe4 Qf7 22. Bxe5 fxe5 23. f3 Rfe8 24. Rac1 Qxa2 25. Qc4+ Qxc4 26. Rxc4 Rad8 27. Rce4 Rd2 28. Rb4 b5 29. Rc1 a5 30. Rb3 e4 31. Re3 Rxb2 32. Rxc6 Rd8 33. Rc1 exf3 34. Rxf3 a4 35. h3 Rf8 36. Rxf8+ Kxf8 37. Rc8+ Kf7 38. Ra8 Rb3 39. Kh2 a3 40. Ra7+ Kf6 41. Ra6+ Ke5 42. Ra7 b4 43. Rxg7 a2 44. Re7+ Kd6 0-1

[Event "CHN-chB (Women)"]
[Site "Harbin"]
[Date "2016.07.17"]
[Round "1"]
[White "Fan, Hengyi"]
[Black "Zhu, Jiner"]
[Result "0-1"]
[WhiteElo "1393"]
[BlackElo "2177"]
[PlyCount "74"]
[EventDate "2016.07.17"]
[EventType "swiss"]
[EventRounds "11"]
[EventCountry "CHN"]
[SourceTitle "CBM 173 Extra"]
[Source "ChessBase"]
[SourceDate "2016.08.29"]
[SourceVersion "1"]
[SourceVersionDate "2016.08.29"]
[SourceQuality "1"]

1. d4 Nf6 2. c4 g6 3. Nc3 Bg7 4. e4 d6 5. Nf3 0-0 6. Be2 Na6 7. 0-0 e5 8. d5 Nc5 9. Qc2 a5 10. Be3 Ng4 11. Bxc5 dxc5 12. Ne1 f5 13. Bxg4 fxg4 14. Nd3 b6 15. a3 Qe7 16. d6 Qxd6 17. Rfd1 c6 18. Na4 Qc7 19. b4 axb4 20. axb4 cxb4 21. Nxb4 Be6 22. c5 b5 23. Nb6 Rxa1 24. Rxa1 Rd8 25. Rd1 Rxd1+ 26. Qxd1 Bf8 27. Na6 Qb7 28. Qa1 Kf7 29. Qa5 Qa7 30. Qa3 b4 31. Qa4 b3 32. Nc4 Bxc4 33. Qxc4+ Kf6 34. Qa4 Qb7 35. Nb4 b2 36. Qb3 Qb5 37. Qxb2 Bxc5 0-1